| 000 | 01381nam0a2200301 4500 | ||
|---|---|---|---|
| 001 | RU\NLR\bibl\482935 | ||
| 005 | 20250623193220.0 | ||
| 010 |
_a5-94288-025-5 _9150 |
||
| 021 |
_aRU _b2003-66252 _93267 |
||
| 035 | _a(NLR Aleph) 000475713 | ||
| 090 |
_a1021879 _c1021879 |
||
| 100 | _a20040123d2003 |||y0rusy50 ca | ||
| 101 | 0 | _arus | |
| 102 | _aRU | ||
| 105 | _aa ||||||||| | ||
| 200 | 1 |
_aИз тени в свет... _eИзбранное _eПовесть. Рассказы. Стихотворения. Драма _fАндрей Середа _g[Ред., ил. Олег Павлов] |
|
| 210 |
_aЧелябинск _cБиблиотечка "Лилии" _d2003 |
||
| 215 |
_a226,[3] с., [4] л. ил., портр. _cил., портр. _d22 |
||
| 327 | 1 | _aСодерж.: Рыжий ветер: Повесть; Берегини мира: Рассказы; Господняя флейта: Избр. стихотворения; "Из тени в свет перелетая...": Монологи из спектакля; Хранитель рояля: Кримин. драма в 2 д. | |
| 686 | _aШ6(2=Р)75я44 | ||
| 700 | 1 |
_aСереда _bА. В. _gАндрей Васильевич _4070 |
|
| 801 | 0 |
_aRU _bNLR _c20040123 _gPSBO |
|
| 801 | 1 |
_aRU _bNLR _c20040123 |
|
| 942 | _cBOOK | ||
| 980 | _aNB | ||
| 980 | _aNBR | ||